| 000 | 01284nam a2200385 a 4500 | ||
|---|---|---|---|
| 001 | 991008776369706706 | ||
| 003 | ES-BaIT | ||
| 005 | 20260202085348.0 | ||
| 008 | 010710s2001 sp |||||| 000 ||spa|c | ||
| 017 | _aDL M. 7766-2001 | ||
| 020 | _a8477388660 | ||
| 035 | _a(ES-BaCBU).b27042996 | ||
| 035 | _a(OCoLC)807340851 | ||
| 040 |
_aES-BaCBU _bcat _cES-BaCBU |
||
| 080 | _a371.13 | ||
| 080 | _a371 | ||
| 084 |
_a371.2 _2CDUcat |
||
| 100 |
_aRué, Joan _9111445 |
||
| 245 | 1 | 3 |
_aLa Acción docente en el centro y en el aula / _cJoan Rué Domingo |
| 260 |
_aMadrid : _bSíntesis, _c2001 |
||
| 300 |
_a238 p.; _c22 cm |
||
| 504 | _aBibliografia | ||
| 650 | 0 | 7 |
_aEscoles _xAdministració i organització _956807 |
| 650 | 0 | 0 |
_aProfessors _xActituds _9107635 |
| 650 | 0 | 7 |
_aEnsenyament _xTreball en equip _956783 |
| 650 | 0 | 7 |
_aAlumnes _xAvaluació _956145 |
| 650 | 7 |
_aDisseny curricular _956686 |
|
| 650 | 0 | 7 |
_aAprenentatge _956186 |
| 650 | 0 | 7 |
_aPlanificació educativa _2lemac _957547 |
| 650 | 0 | 7 |
_aComunicació en l'educació _956479 |
| 830 |
_aSíntesis educación. _pDidáctica y organización escolar _v13 _995383 |
||
| 907 |
_a.b27042996 _b26-02-21 _c08-05-08 _d10-07-01 _em _fa _g- _hspa _isp _j3 _k9 |
||
| 908 |
_aRS _aUAB _aUdL _aUOC _aUPC _aURV _aURL _aCDMAE |
||
| 942 |
_2udc _c1 |
||
| 999 |
_c136978 _d136978 |
||